| 000 | 00560nam a2200133 a 4500 | ||
|---|---|---|---|
| 005 | 20140513081055.0 | ||
| 008 | 051004s19uu xx 00 eng d | ||
| 050 |
_aDVD _bBa112 200? |
||
| 245 |
_aBaby Einstein (motion picture): _bthe baby einstein 2; baby Bethoven. |
||
| 260 |
_bDolby digital, _c200?. |
||
| 500 | _aContent : 6 plate ( discs) of The Baby einstein 2 ; 10 plates (discs) for baby Einstein bay Bethoven ; approx 30 minutes/plate . Plate #3 in Baby Einstein is missing. Subtitle: Chinese | ||
| 650 | _aAdventure-science. | ||
| 999 |
_c116470 _d116470 |
||